[Event "Titled Tuesday intern op 21st Feb Early"]
[Site "Chess.com INT"]
[Date "2023.02.21"]
[Round "3"]
[White "Toncheva, Nadya"]
[Black "Touzane, Olivier"]
[Result "1-0"]
[WhiteElo "2192"]
[BlackElo "2256"]
[PlyCount "181"]
[EventDate "2023.02.21"]
[EventType "swiss (blitz)"]
[EventRounds "11"]
[EventCountry "USA"]
[SourceTitle "CBM 212 Extra"]
[Source "ChessBase"]
[SourceDate "2023.03.31"]
[SourceVersion "1"]
[SourceVersionDate "2023.03.31"]
[SourceQuality "1"]

1. e4 e6 2. d4 d5 3. Nd2 c5 4. Ngf3 Nc6 5. exd5 Qxd5 6. Bc4 Qh5 7. 0-0 cxd4 8. Nb3 e5 9. Qe1 Be7 10. Bb5 f6 11. Na5 Bd7 12. Nxc6 bxc6 13. Bc4 Nh6 14. Bxh6 gxh6 15. Qe4 0-0-0 16. Nxd4 Qg4 17. Qxg4 Bxg4 18. Nxc6 Rd7 19. Nxe7+ Rxe7 20. f3 Bf5 21. Bb3 Rc7 22. c3 Rd8 23. Rad1 Rcd7 24. Rxd7 Rxd7 25. Rd1 Rb7 26. Kf2 a5 27. Rd2 Bd7 28. Ke3 a4 29. Bc4 Rc7 30. Ba6+ Kb8 31. g3 a3 32. Bd3 Ka7 33. Bxh7 axb2 34. Rxb2 Rxc3+ 35. Bd3 Bf5 36. Rb3 Rxb3 37. axb3 Be6 38. Bc4 Bf5 39. f4 exf4+ 40. Kxf4 Bh3 41. Ke4 Kb6 42. Kf4 Kc5 43. Bd3 Be6 44. Bc2 Kd4 45. Bd1 Kc3 46. Bg4 Bxb3 47. Kf5 Kd4 48. Kxf6 Ke3 49. Kg6 Kf2 50. Kxh6 Kg2 51. Bf5 Kxh2 52. g4 Kg3 53. g5 Kf4 54. Bd7 Bf7 55. Bh3 Ke5 56. Kg7 Bh5 57. Bf1 Kf5 58. Kh6 Be8 59. Bh3+ Ke5 60. Kg7 Bh5 61. Bd7 Kd6 62. Bc8 Kc7 63. Bh3 Kd6 64. Kf6 Be8 65. Be6 Bh5 66. Bf7 Be2 67. g6 Bd3 68. g7 Bh7 69. Bg6 Bg8 70. Bf7 Bh7 71. Bb3 Kd7 72. Kf7 Kd6 73. Kf8 Ke5 74. Bc2 Bxc2 75. g8Q Bf5 76. Qg7+ Ke6 77. Qf7+ Ke5 78. Ke7 Be4 79. Qf6+ Kd5 80. Qe6+ Kd4 81. Kd6 Bd3 82. Qe5+ Kc4 83. Qd5+ Kc3 84. Kc5 Bc2 85. Qd4+ Kb3 86. Qc4+ Kb2 87. Kb4 Bd1 88. Qc3+ Kb1 89. Qd2 Bc2 90. Kc3 Ba4 91. Qb2# 1-0

[Event "Leca da Palmeira op 1st"]
[Site "Leca da Palmeira"]
[Date "2022.08.04"]
[Round "8"]
[White "Jansen, Bob"]
[Black "Touzane, Olivier"]
[Result "0-1"]
[WhiteElo "2162"]
[BlackElo "2266"]
[PlyCount "68"]
[EventDate "2022.07.31"]
[EventType "swiss"]
[EventRounds "9"]
[EventCountry "POR"]
[SourceTitle "CBM 209 Extra"]
[Source "ChessBase"]
[SourceDate "2022.09.30"]
[SourceVersion "1"]
[SourceVersionDate "2022.09.30"]
[SourceQuality "1"]

1. e4 c5 2. d3 g6 3. f4 Bg7 4. Nf3 Nc6 5. Be2 d6 6. 0-0 Rb8 7. c3 a6 8. Qe1 Nf6 9. Kh1 c4 10. Be3 b6 11. Nbd2 Bb7 12. h3 Na5 13. a4 e6 14. f5 0-0 15. dxc4 exf5 16. exf5 Qd7 17. Qf2 Rfe8 18. Bd3 d5 19. cxd5 Nxd5 20. Bd4 Nf4 21. Bc2 Re2 22. Qg3 Bh6 23. Qh4 Nh5 24. Rf2 Rbe8 25. Raf1 Bf4 26. Rxe2 Rxe2 27. Bd1 Qd6 28. fxg6 fxg6 29. b4 Ng3+ 30. Kg1 Rxd2 31. bxa5 g5 32. Bb3+ Kf8 33. Nxd2 gxh4 34. Be3 Nxf1 0-1

[Event "Leca da Palmeira op 1st"]
[Site "Leca da Palmeira"]
[Date "2022.08.03"]
[Round "7"]
[White "Touzane, Olivier"]
[Black "Akshit, Kumar J"]
[Result "1-0"]
[WhiteElo "2266"]
[BlackElo "2103"]
[PlyCount "93"]
[EventDate "2022.07.31"]
[EventType "swiss"]
[EventRounds "9"]
[EventCountry "POR"]
[SourceTitle "CBM 209 Extra"]
[Source "ChessBase"]
[SourceDate "2022.09.30"]
[SourceVersion "1"]
[SourceVersionDate "2022.09.30"]
[SourceQuality "1"]

1. Nf3 d5 2. g3 Nf6 3. c4 c6 4. b3 Bf5 5. Bb2 e6 6. Bg2 Nbd7 7. d3 Bd6 8. 0-0 Qe7 9. Nbd2 Ba3 10. Qc1 Bxb2 11. Qxb2 e5 12. cxd5 cxd5 13. Rac1 0-0 14. Rc7 Rab8 15. Rfc1 Ne8 16. R7c2 f6 17. Qc3 Qa3 18. e4 dxe4 19. Nxe4 Bxe4 20. dxe4 Nd6 21. Qd3 Rfd8 22. Nh4 Qb4 23. Rc7 Nb6 24. Qe2 Nb5 25. a3 Qxb3 26. R7c5 a6 27. Qg4 Qf7 28. Bf1 Nd6 29. Bh3 Rbc8 30. Qe2 Rxc5 31. Rxc5 Nb5 32. Bf1 Nd7 33. Qd2 Qe7 34. Rd5 Nd4 35. Qd1 g6 36. Qg4 Nf8 37. Bc4 Rxd5 38. Bxd5+ Kg7 39. Qc8 Qxa3 40. Qxb7+ Kh6 41. Qf7 Qd6 42. Ng2 Nf3+ 43. Kh1 Ng5 44. Qg8 f5 45. exf5 gxf5 46. Ne3 Qf6 47. g4 1-0

[Event "Seville op 47th"]
[Site "Seville"]
[Date "2022.07.21"]
[Round "7"]
[White "Jimenez Fernandez, Rebeca"]
[Black "Touzane, Olivier"]
[Result "0-1"]
[WhiteElo "1908"]
[BlackElo "2266"]
[PlyCount "84"]
[EventDate "2022.07.16"]
[EventType "swiss"]
[EventRounds "9"]
[EventCountry "ESP"]
[SourceTitle "CBM 209 Extra"]
[Source "ChessBase"]
[SourceDate "2022.09.30"]
[SourceVersion "1"]
[SourceVersionDate "2022.09.30"]
[SourceQuality "1"]

1. e4 c5 2. Nf3 d6 3. d4 cxd4 4. Nxd4 Nf6 5. Nc3 a6 6. Bg5 e6 7. f4 h6 8. Bh4 Qb6 9. Qd2 Qxb2 10. Rb1 Qa3 11. f5 Nc6 12. Nxc6 bxc6 13. fxe6 Bxe6 14. Bxf6 gxf6 15. Bd3 Qc5 16. Na4 Qd4 17. Nb6 Rb8 18. c3 Qc5 19. Na4 Rxb1+ 20. Bxb1 Qb5 21. Bc2 Rg8 22. Rf1 Be7 23. Rf2 h5 24. Qd4 c5 25. Qd1 Rg5 26. Bd3 Qa5 27. Rb2 Kf8 28. Kf1 c4 29. Be2 Qe5 30. Kg1 d5 31. exd5 Bd6 32. dxe6 Qxh2+ 33. Kf1 Qxg2+ 34. Ke1 Bg3+ 35. Kd2 Bf4+ 36. Kc2 Qe4+ 37. Bd3 cxd3+ 38. Kb1 d2+ 39. Ka1 Qe1 40. e7+ Kxe7 41. Rb7+ Kf8 42. Rb1 Rg1 0-1